00747nam a2200253 a 4500001001300000003000900013005001700022008004100039020002300080082001300103100002000116245003200136260002600168300000900194500003500203505005400238650001900292700002000311700001600331902000800347942000700355952011400362999001700476nice12345678IN_TiNIC20260116014053.0050524s2005 dela grp 000 0 eng  a1412968 c79500a305bANH aAnheier, Helmut aGlobal Civil Society 2004/5 aDelhibSage Pubc2005 a375p aincludes index and biblioraphy2 aConclusion, Annexure-A, B, C, Bibliography, Index aSociety-Modern1 aMarlies Glasius1 aMary Kaldor bSRS cBK 001040708StackRoom-aHMIbHMId2007-03-20g795.00l0o305 ANHp021145r2007-03-20v795.00w2005-05-24yBK c13745d13745